[Event "AUTO-ADV-4802"]
[Site "http://www.queenalice.com/game.php?id=1841261"]
[Date "2024.8.1"]
[Round "1"]
[White "Rafale2000"]
[Black "princesher"]
[Result "0-1"]
[WhiteElo "1978"]
[BlackElo "1999"]

1. e4 e5 2. Nf3 d6 3. d4 Bg4 4. dxe5 Bxf3 5. Qxf3 dxe5 6. Bc4 Qf6 7. Qb3 b6 8.
Be3 h6 9. Nc3 c6 10. O-O-O Nd7 11. Rxd7 Kxd7 12. Bxf7 Ne7 13. Rd1+ Kc7 14. Qe6
Qxe6 15. Bxe6 Rd8 16. f4 Rxd1+ 17. Kxd1 Kd6 18. Bf7 Nc8 19. fxe5+ Kxe5 20. g3 g5
21. Ke2 Bb4 22. Bh5 Bxc3 23. bxc3 Kxe4 24. Bf3+ Kf5 25. g4+ Kg6 26. Be4+ Kf7 27.
Bxc6 Nd6 28. Bd5+ Ke7 29. c4 Rc8 30. Kd3 Ne8 31. h4 gxh4 32. Bxh6 h3 33. g5 h2
34. g6 Kf6 35. Bf7 h1=Q 36. Bxe8 Rxe8 0-1

[Event "AUTO-ADV-4802"]
[Site "http://www.queenalice.com/game.php?id=1841262"]
[Date "2024.8.1"]
[Round "1"]
[White "princesher"]
[Black "Rafale2000"]
[Result "1-0"]
[WhiteElo "2047"]
[BlackElo "1993"]

1. e4 Nf6 2. d3 e5 3. Bg5 Be7 4. Bxf6 Bxf6 5. g3 d5 6. Bg2 d4 7. b4 a5 8. b5 c6
9. bxc6 Nxc6 10. a3 O-O 11. h3 Be6 12. f3 b5 13. Nd2 b4 14. a4 Qc7 15. h4 Rfc8
16. Bh3 Bxh3 17. Rxh3 Bd8 18. Nc4 Qd7 19. g4 g6 20. h5 Rab8 21. Qb1 Qe7 22. Nd2
b3 23. cxb3 Qg5 24. Nc4 Nb4 25. Qd1 Qe3+ 26. Nxe3 dxe3 27. Kf1 Rc2 28. Ne2 Be7
29. Kg2 Rd2 30. Qf1 Nxd3 31. Kg3 g5 32. Rb1 Rc8 33. Nc1 Nf4 34. Rh2 Rxh2 35.
Kxh2 Rc2+ 36. Kh1 Bc5 37. Qb5 Bd4 38. Nd3 Nxd3 39. Qxd3 Rd2 40. Qf1 Rf2 41. Qxf2
exf2 42. Kg2 Kg7 43. Rd1 Kf6 44. Rc1 Ke6 45. Rc6+ Ke7 46. Rh6 1-0

[Event "AUTO-ADV-4802"]
[Site "http://www.queenalice.com/game.php?id=1841273"]
[Date "2024.8.1"]
[Round "1"]
[White "Capixaba789"]
[Black "princesher"]
[Result "1/2-1/2"]
[WhiteElo "1896"]
[BlackElo "1998"]

1. e4 e5 2. Nf3 d6 3. Bc4 Bg4 4. d4 exd4 5. c3 dxc3 6. O-O c6 7. Nxc3 h6 8.
Bxf7+ Kxf7 9. Ne5+ Ke8 10. Nxg4 b5 11. f4 Be7 12. Qf3 h5 13. Ne3 g6 14. f5 g5
15. e5 dxe5 16. Nxb5 g4 17. Qe4 Bf6 18. Bd2 a6 19. Bc3 axb5 20. Rad1 Qc7 21. a3
Ra4 22. Bb4 Rh7 23. Rd6 Rd7 24. Re6+ Kf7 25. Nxg4 Qb6+ 26. Ne3 Rd4 27. Qf3 Rh4
28. Qg3 Rg4 29. Qh3 Rg5 30. Kh1 Qd4 31. Rd6 Qe4 32. Rfd1 c5 33. Bxc5 Qh4 34.
Qxh4 Rxh4 35. Rb6 Be7 36. Bxe7 Nxe7 37. Rxb8 Nxf5 38. Rb7+ Ke6 39. Rb6+ Kf7 40.
Rb7+ Ke6 41. Rb6+ Kf7 42. Rb7+ 1/2-1/2

[Event "AUTO-ADV-4802"]
[Site "http://www.queenalice.com/game.php?id=1841274"]
[Date "2024.8.1"]
[Round "1"]
[White "princesher"]
[Black "Capixaba789"]
[Result "1/2-1/2"]
[WhiteElo "2004"]
[BlackElo "1878"]

1. e4 e5 2. a3 Nf6 3. d3 Bc5 4. b4 Bb6 5. Bg5 d5 6. Nd2 c6 7. h3 Be6 8. Bxf6
Qxf6 9. Qf3 Qe7 10. Qg3 Nd7 11. Qxg7 O-O-O 12. Qg3 h5 13. Ngf3 h4 14. Qh2 f6 15.
Be2 d4 16. Nf1 Rdg8 17. Rg1 Bc7 18. Qh1 f5 19. N3h2 f4 20. Bg4 Bxg4 21. Nxg4 Nb6
22. Nd2 Na4 23. f3 Nc3 24. Kf2 Kb8 25. Rgc1 Rh7 26. Qe1 Rhg7 27. Nb1 Nb5 28. a4
Nd6 29. a5 Ne8 30. Qd2 Nf6 31. Rg1 Nxg4+ 32. fxg4 Bd6 33. Ra4 Qg5 34. Kf3 Qe7
35. c3 c5 36. b5 Qe8 37. c4 Qd8 38. Qb2 Rg6 39. a6 b6 40. Ra2 Qd7 41. Qe2 Qe7
42. Nd2 Rh8 43. Raa1 Rgg8 44. Nf1 Qf7 45. Nh2 Qg7 46. Raf1 Qg6 47. Qd1 Qg5 48.
Ke2 Rf8 49. Rf3 Qg6 50. Qf1 Qg7 51. Qf2 Qg6 52. Qf1 Re8 53. Qf2 Qg7 54. Qf1 Qg6
55. Qf2 Qg7 1/2-1/2

[Event "AUTO-ADV-4802"]
[Site "http://www.queenalice.com/game.php?id=1841281"]
[Date "2024.8.1"]
[Round "1"]
[White "princesher"]
[Black "maurice916"]
[Result "1-0"]
[WhiteElo "1994"]
[BlackElo "1853"]

1. e4 c6 2. h3 d5 3. e5 Bf5 4. d4 h6 5. g4 Bd7 6. b4 e6 7. c3 g5 8. Bg2 Bg7 9.
a3 Ne7 10. Ne2 b6 11. Nd2 Ng6 12. Nf3 a5 13. Bb2 axb4 14. axb4 f5 15. exf6 Qxf6
16. Rxa8 O-O 17. O-O h5 18. gxh5 Nf4 19. Nxf4 Qxf4 20. Bc1 Qf7 21. Nxg5 Qe7 22.
Qd3 Bf6 23. Qg6+ Qg7 24. Qxg7+ Bxg7 25. Nf3 Kh7 26. Nh2 Kg8 27. h6 Bf6 28. Bf4
e5 29. dxe5 Be7 30. Bg3 Kf7 31. e6+ Bxe6 32. Rxb8 Rxb8 33. Bxb8 Bg5 34. h7 Bf6
35. Rc1 Kg7 36. Bf3 Kxh7 37. Bg4 Bf7 38. Bd7 c5 39. b5 Bd8 40. Nf3 Bg8 41. Re1
Bf7 42. h4 Kg7 43. Kh2 Kf6 44. Be8 Be7 45. Bxf7 Kxf7 46. Bc7 d4 47. cxd4 c4 48.
Re2 c3 49. Bxb6 Bb4 50. Bc5 c2 51. Rxc2 1-0

[Event "AUTO-ADV-4802"]
[Site "http://www.queenalice.com/game.php?id=1841282"]
[Date "2024.8.1"]
[Round "1"]
[White "maurice916"]
[Black "princesher"]
[Result "0-1"]
[WhiteElo "1824"]
[BlackElo "2014"]

1. Nf3 h6 2. b3 f6 3. Bb2 g5 4. d3 d6 5. Nbd2 b5 6. c4 b4 7. e4 e5 8. d4 Bg4 9.
h3 Bxf3 10. Nxf3 a5 11. dxe5 fxe5 12. Qd5 Nd7 13. Nd2 Ne7 14. Qd3 Nc5 15. Qf3
Nc6 16. Qh5+ Kd7 17. Rd1 Qe7 18. g3 Kc8 19. Bg2 Nd3+ 20. Ke2 Nxb2 21. Rb1 Nd4+
22. Ke3 Nxc4+ 23. Nxc4 Nc2+ 24. Kd2 Na3 25. Nxa3 bxa3 26. Rhc1 c5 27. Qe2 Qb7
28. Qd3 Qb4+ 29. Ke2 Rh7 30. Qd5 Qb7 31. Qe6+ Qd7 32. Qd5 Ra7 33. b4 axb4 34.
Rxb4 Rb7 35. Rb3 Rxb3 36. Qxb3 Qa7 37. Qe6+ Kc7 38. Qf5 Qa6+ 39. Ke1 Qa5+ 40.
Kf1 Qb5+ 41. Kg1 Rh8 42. f4 Qb2 43. Rf1 gxf4 44. gxf4 Qxa2 45. fxe5 Rg8 46. Qf7+
Qxf7 47. Rxf7+ Kb6 48. Rf3 dxe5 49. Rxa3 c4 50. Rc3 Bc5+ 51. Kf1 Kb5 52. Rc2 Bd4
53. Ke1 Kb4 54. Kd1 c3 55. Kc1 Be3+ 56. Kb1 Kb3 57. Re2 Bd2 58. Rf2 c2+ 0-1

[Event "AUTO-OPEN-4541"]
[Site "http://www.queenalice.com/game.php?id=1841371"]
[Date "2024.8.3"]
[Round "1"]
[White "ThiagoBrumN"]
[Black "princesher"]
[Result "0-1"]
[WhiteElo "1815"]
[BlackElo "2022"]

1. e4 e5 2. Nf3 d6 3. Bc4 Bg4 4. Nc3 c6 5. O-O Nf6 6. h3 Bxf3 7. Qxf3 b5 8. Bb3
a5 9. a3 a4 10. Ba2 h6 11. d3 Be7 12. Be3 Nbd7 13. Rad1 Qb8 14. Rfe1 b4 15. axb4
Qxb4 16. Bd2 Qxb2 17. Kh2 Qxc2 18. Bb1 Qb2 19. Re2 c5 20. Nd5 Nxd5 21. exd5 a3
22. Bxh6 Qb7 23. Bxg7 Rg8 24. Bh6 Nb6 25. Rde1 Ra7 26. Qf5 Qxd5 27. f4 a2 28.
Rb2 a1=Q 29. Rxb6 Qxg2# 0-1

[Event "AUTO-OPEN-4541"]
[Site "http://www.queenalice.com/game.php?id=1841372"]
[Date "2024.8.3"]
[Round "1"]
[White "princesher"]
[Black "ThiagoBrumN"]
[Result "1-0"]
[WhiteElo "2061"]
[BlackElo "1749"]

1. e4 d5 2. e5 Nc6 3. Bb5 Bd7 4. Bxc6 Bxc6 5. d4 e6 6. a3 Ne7 7. Bd2 Ng6 8. Nf3
Be7 9. b4 O-O 10. c3 Bb5 11. a4 Bd7 12. h3 Rc8 13. Na3 Re8 14. a5 a6 15. Qc1 f6
16. exf6 Bxf6 17. Bg5 Bxg5 18. Qxg5 Re7 19. O-O Qf8 20. Qe3 Rce8 21. Rae1 e5 22.
dxe5 Nxe5 23. Nxe5 Rxe5 24. Qd2 Rf5 25. Rxe8 Qxe8 26. Re1 Qg6 27. Re7 Rf7 28.
Qxd5 Bc6 29. Qxf7+ Qxf7 30. Rxf7 Kxf7 31. h4 Kf6 32. Kf1 b5 33. axb6 cxb6 34.
Nc4 Bb5 35. Ke1 Bxc4 36. Kd2 Ke5 37. Ke3 a5 38. bxa5 bxa5 39. Kd2 Bb3 40. Kc1 a4
41. Kb2 Kd5 42. g3 Ke4 43. Ka3 Kd3 44. Kb4 Ke2 45. f4 Kf3 46. h5 Kxg3 47. f5 Kg4
48. h6 gxh6 49. f6 h5 50. c4 Bxc4 51. Kxc4 a3 52. Kb3 h4 53. f7 h3 54. f8=Q h2
55. Qg8+ Kh3 56. Qd5 h5 57. Qh1 Kg3 58. Kxa3 h4 59. Kb3 h3 60. Kc3 Kh4 61. Qxh2
Kg4 62. Kd3 Kh4 63. Ke3 Kg4 64. Ke4 Kh4 65. Kf5 Kh5 66. Qxh3# 1-0

[Event "AUTO-OPEN-4541"]
[Site "http://www.queenalice.com/game.php?id=1841393"]
[Date "2024.8.3"]
[Round "1"]
[White "princesher"]
[Black "avieytoa"]
[Result "1-0"]
[WhiteElo "2050"]
[BlackElo "1892"]

1. e4 e5 2. a3 Nf6 3. d3 Nc6 4. Nf3 Bc5 5. Bg5 h6 6. Bxf6 Qxf6 7. b4 Bb6 8. h3
O-O 9. c3 a6 10. Be2 d6 11. Nbd2 Be6 12. a4 Ba7 13. O-O Qg6 14. Kh1 Rad8 15. Nh2
Qf6 16. Qe1 d5 17. Bg4 Bxg4 18. Nxg4 Qe7 19. Nb3 dxe4 20. dxe4 f6 21. b5 Nb8 22.
Qe2 axb5 23. axb5 Bb6 24. f3 Qf7 25. Nc1 Nd7 26. c4 f5 27. exf5 Qxf5 28. Nb3 Nf6
29. Nxf6+ Rxf6 30. c5 Bxc5 31. Nxc5 b6 32. Ne4 Rff8 33. Rad1 Rxd1 34. Qxd1 Rc8
35. Qd5+ Kh7 36. Ng3 Qf6 37. Qd7 Qf8 38. Qf5+ Qxf5 39. Nxf5 c6 40. bxc6 Rxc6 41.
Rd1 Rf6 42. Ne3 Rc6 43. Kh2 Kg6 44. Nd5 Kf7 45. Ne3 Kf6 46. Ng4+ Kf5 47. Rd5 Re6
48. f4 Kxf4 49. g3+ Kf5 50. Kg2 h5 51. Nf2 g5 52. Kf3 Rc6 53. Nd3 Re6 54. g4+
hxg4+ 55. hxg4+ Kf6 56. Ke4 Rc6 57. Nxe5 Re6 58. Kd4 Ke7 59. Rb5 Rd6+ 60. Kc3
Ke6 61. Nc4 Rc6 62. Kd4 Kf6 63. Rxb6 Rxb6 64. Nxb6 Ke6 65. Ke4 Kf6 66. Kd5 Kg6
67. Ke6 Kg7 68. Kf5 Kh6 69. Kf6 Kh7 70. Kxg5 Kg7 71. Kf5 Kh6 72. Kf6 Kh7 73. g5
Kg8 74. g6 Kh8 75. g7+ Kg8 76. Nd5 Kh7 77. Kf7 Kh6 78. g8=Q Kh5 79. Ne3 Kh4 80.
Qg4# 1-0

[Event "AUTO-OPEN-4541"]
[Site "http://www.queenalice.com/game.php?id=1841394"]
[Date "2024.8.3"]
[Round "1"]
[White "avieytoa"]
[Black "princesher"]
[Result "1/2-1/2"]
[WhiteElo "1885"]
[BlackElo "2055"]

1. e4 e5 2. Nf3 d6 3. Bc4 Bg4 4. d3 h6 5. O-O c6 6. h3 Bxf3 7. Qxf3 Nf6 8. Nc3
b5 9. Bb3 a5 10. a3 a4 11. Ba2 Be7 12. Bd2 Nbd7 13. Ne2 Qb6 14. Ng3 g6 15. c4
Nc5 16. b4 axb3 17. Bb1 b2 18. Ra2 bxc4 19. dxc4 Rb8 20. Bb4 Na4 21. Bc2 Ra8 22.
Bxa4 Rxa4 23. Rxb2 c5 24. Bc3 Qa7 25. Ra2 Rxc4 26. Bb2 O-O 27. Qe3 Kg7 28. Qb3
Ra4 29. Re1 Rb8 30. Qc2 Rb7 31. Kh2 Qa6 32. f3 Rc4 33. Qd3 Qa4 34. Rc1 Rxc1 35.
Bxc1 c4 36. Qd2 Ng8 37. Ne2 Rb3 38. Bb2 Rd3 39. Qc1 f6 40. Nc3 Qa5 41. Nd5 Qc5
42. Nxe7 Nxe7 43. Bc3 g5 44. a4 Qa7 45. a5 Qa6 46. Ra4 d5 47. exd5 Nxd5 48. Be1
c3 49. Ra3 c2 50. Rxd3 Qxd3 51. Qd2 Qc4 52. Qc1 Qe2 53. a6 Qxa6 54. Qxc2 Qd6 55.
Qe4 Qe6 56. g4 Ne7 57. Bc3 Qa2+ 58. Kg3 Qd5 59. Qxd5 Nxd5 60. Bb2 Kg6 61. h4
gxh4+ 62. Kxh4 Nf4 63. Kg3 Kg5 64. Ba1 h5 65. gxh5 Nxh5+ 66. Kf2 Kf5 67. Ke3 Nf4
68. Bb2 Nd5+ 69. Ke2 Kf4 70. Kf2 Kf5 71. Bc1 Nb4 72. Bd2 Nd5 73. Kg3 e4 74.
fxe4+ Kxe4 75. Bh6 f5 76. Kf2 Nf6 77. Bg5 Nd5 78. Bh6 Nf6 79. Bg5 Ng4+ 80. Kg3
Ne5 81. Bf4 Nd3 82. Bh6 1/2-1/2

[Event "AUTO-OPEN-4541"]
[Site "http://www.queenalice.com/game.php?id=1841395"]
[Date "2024.8.3"]
[Round "1"]
[White "princesher"]
[Black "Capixaba789"]
[Result "1-0"]
[WhiteElo "1974"]
[BlackElo "1888"]

1. e4 e5 2. a3 Nf6 3. d3 d6 4. Bg5 Be7 5. Bxf6 Bxf6 6. h3 Nc6 7. Nf3 Be6 8. b4
a6 9. Be2 d5 10. Nfd2 dxe4 11. dxe4 Nd4 12. Bd3 O-O 13. Nc3 Qd7 14. Nf3 Qc6 15.
Nb1 Nxc2+ 16. Qxc2 Qd6 17. Bc4 Bc8 18. Qd2 Qe7 19. Nc3 b5 20. Bb3 Bb7 21. Rd1
Rad8 22. Qa2 Rxd1+ 23. Bxd1 Rd8 24. O-O h6 25. Bc2 Qe8 26. Rd1 Rxd1+ 27. Nxd1
Qd8 28. Nc3 Qa8 29. a4 c6 30. a5 Bc8 31. Bb3 1-0

[Event "AUTO-OPEN-4541"]
[Site "http://www.queenalice.com/game.php?id=1841396"]
[Date "2024.8.3"]
[Round "1"]
[White "Capixaba789"]
[Black "princesher"]
[Result "0-1"]
[WhiteElo "1861"]
[BlackElo "1987"]

1. d4 d5 2. Nc3 e6 3. f4 f5 4. Nf3 Bb4 5. Bd2 Bxc3 6. Bxc3 a6 7. e3 Nc6 8. Bd3
h6 9. Ne5 Nxe5 10. fxe5 Qg5 11. Qe2 Qh4+ 12. g3 Qg4 13. Qf2 Qg6 14. O-O-O b5 15.
Ba5 c6 16. Rdg1 Qf7 17. Qe2 Bb7 18. g4 fxg4 19. Rxg4 g5 20. h4 Qg7 21. h5 Ne7
22. b4 Rf8 23. a3 Kd7 24. Rf1 Rxf1+ 25. Qxf1 Rf8 26. Qh1 Qf7 27. Rg1 Qf3 28. Qh2
Qxe3+ 29. Kb2 Qxd4+ 30. Ka2 Rf2 31. Rg2 Rxg2 32. Qxg2 Qxe5 33. Bb6 Nc8 34. Bc5
Nd6 0-1

[Event "AUTO-OPEN-4547"]
[Site "http://www.queenalice.com/game.php?id=1843205"]
[Date "2024.9.6"]
[Round "1"]
[White "chessman"]
[Black "princesher"]
[Result "1-0"]
[WhiteElo "2021"]
[BlackElo "2003"]

1. e4 e5 2. Nf3 d6 3. d4 Bg4 4. dxe5 Bxf3 5. gxf3 Be7 6. exd6 Qxd6 7. Qxd6 Bxd6
8. Nc3 Bb4 9. Bd2 Bxc3 10. Bxc3 f6 11. Bc4 Ne7 12. O-O-O a6 13. Rd2 Nd7 14. Rhd1
Nb6 15. Be6 Nc6 16. Bd4 Nxd4 17. Rxd4 Ke7 18. Bb3 c5 19. R4d2 Rac8 20. c3 Rc7
21. Rd6 Rc6 22. Rxc6 bxc6 23. Bc2 h6 24. h4 Rd8 25. Rxd8 Kxd8 26. b3 a5 27. Kd2
Kd7 28. Ke3 Kd6 29. f4 c4 30. Kd4 c5+ 31. Ke3 cxb3 32. axb3 Nd7 33. Kf3 Kc6 34.
Kg4 Kb5 35. Bd3+ Kc6 36. Kf5 Nf8 37. e5 fxe5 38. fxe5 Kd7 39. f4 Ke7 40. h5 Nd7
41. Kg6 Kf8 42. Bb5 Nb6 43. f5 Nd5 44. f6 gxf6 45. exf6 Nxc3 46. Bc4 Ne4 47.
Kxh6 Nxf6 48. Kg6 Nd7 49. h6 Ne5+ 50. Kf6 Ng4+ 51. Kg6 Nxh6 52. Kxh6 Ke7 53. Kg5
Kd6 54. Kf5 Kd7 55. Ke5 Kc6 56. Ke6 Kb6 57. Kd5 a4 58. bxa4 Ka5 59. Bb3 Kb6 60.
Kd6 Ka5 61. Kxc5 Ka6 62. Kb4 Kb6 63. a5+ Ka6 64. Bd5 Ka7 65. Kb5 Kb8 66. a6 Ka7
67. Be4 Kb8 68. Kb6 Kc8 69. a7 Kd7 70. a8=Q Kd6 71. Qa5 Ke6 72. Qd5+ Kf6 73. Kc6
Kg7 74. Qf5 Kg8 75. Qh7+ Kf8 76. Kd6 Ke8 77. Qe7# 1-0

[Event "AUTO-OPEN-4547"]
[Site "http://www.queenalice.com/game.php?id=1843206"]
[Date "2024.9.6"]
[Round "1"]
[White "princesher"]
[Black "chessman"]
[Result "1/2-1/2"]
[WhiteElo "2075"]
[BlackElo "1963"]

1. e4 e6 2. a3 d5 3. Bd3 dxe4 4. Bxe4 Nd7 5. d3 Ngf6 6. Bg5 Be7 7. Bxf6 Nxf6 8.
Qf3 O-O 9. b4 Nxe4 10. Qxe4 Rb8 11. h3 b6 12. Nf3 Bb7 13. Qe2 c5 14. c3 Qc7 15.
Nbd2 Rfd8 16. Nc4 Qf4 17. Rd1 Bxf3 18. gxf3 b5 19. Ne5 Rbc8 20. Qe4 Qxe4+ 21.
fxe4 cxb4 22. cxb4 Rc2 23. Ra1 Bf6 24. f4 Bxe5 25. fxe5 Rxd3 26. a4 bxa4 27.
Rxa4 Rb3 28. Kd1 Rc7 29. Kd2 h6 30. h4 Rb2+ 31. Kd3 Rb3+ 32. Kd2 Rb2+ 33. Kd3
Rb3+ 1/2-1/2

[Event "AUTO-OPEN-4547"]
[Site "http://www.queenalice.com/game.php?id=1843231"]
[Date "2024.9.6"]
[Round "1"]
[White "game"]
[Black "princesher"]
[Result "0-1"]
[WhiteElo "1574"]
[BlackElo "2048"]

1. e4 e5 2. Nf3 d6 3. d4 f6 4. Nc3 a6 5. dxe5 fxe5 6. Bc4 h6 7. Nd2 Nf6 8. Qf3
b5 9. Bb3 Bb7 10. a4 b4 11. Ne2 a5 12. Nc4 Bxe4 13. Qg3 g5 14. Ne3 Qd7 15. Bd2
Na6 16. Nc4 Nc5 17. Be3 Nb7 18. c3 bxc3 19. Nxc3 Bc6 20. Nb5 Bxb5 21. axb5 Qg4
22. Qxg4 Nxg4 23. O-O Bg7 24. Bd2 Nc5 25. Ba4 Nxa4 26. Rxa4 d5 27. Nxa5 O-O 28.
Bb4 Rf5 29. Be1 e4 30. b3 Be5 31. f3 Nxh2 32. g4 Rxf3 33. Rxf3 Nxf3+ 34. Kf1
Nxe1 35. Kxe1 Bc3+ 36. Ke2 Rxa5 37. b6 cxb6 38. Kd1 Rxa4 39. bxa4 d4 40. Kc2 e3
41. Kd3 h5 42. gxh5 g4 43. Kc4 e2 44. Kb5 Ba5 45. Kc4 e1=Q 46. Kxd4 Qg3 47. Kc4
Qe3 48. Kb5 Qd4 49. Ka6 Qxa4 50. Kb7 Qc4 51. h6 g3 52. Ka7 g2 53. Kb7 g1=R 54.
Ka7 Rf1 55. Kb7 Rf7+ 56. Ka8 Qc8# 0-1

[Event "AUTO-OPEN-4547"]
[Site "http://www.queenalice.com/game.php?id=1843232"]
[Date "2024.9.6"]
[Round "1"]
[White "princesher"]
[Black "game"]
[Result "1-0"]
[WhiteElo "2075"]
[BlackElo "1571"]

1. e4 e5 2. a3 Nf6 3. d3 d5 4. Bg5 Be7 5. Bxf6 Bxf6 6. Be2 O-O 7. h3 Nc6 8. c3
d4 9. c4 Bh4 10. g3 Bf6 11. b4 b6 12. Bg4 Bb7 13. Bf3 a5 14. b5 Ne7 15. a4 Qd6
16. Nd2 c5 17. h4 Rfe8 18. g4 Ng6 19. g5 Be7 20. Ne2 h6 21. h5 Nf4 22. Nxf4 exf4
23. gxh6 Qxh6 24. Qe2 Bg5 25. O-O-O f5 26. Rdg1 fxe4 27. dxe4 Rad8 28. Qd3 Re7
29. Rg2 g6 30. Rgh2 Rh7 31. Nf1 Kg7 32. hxg6 Qxg6 33. Rxh7+ Kf6 34. e5+ 1-0

[Event "AUTO-OPEN-4547"]
[Site "http://www.queenalice.com/game.php?id=1843249"]
[Date "2024.9.6"]
[Round "1"]
[White "princesher"]
[Black "Capixaba789"]
[Result "0-1"]
[WhiteElo "2077"]
[BlackElo "1932"]

1. e4 e5 2. a3 Nf6 3. d3 Be7 4. Bg5 d6 5. Bxf6 Bxf6 6. h3 c5 7. c3 Nc6 8. b4 O-O
9. Be2 cxb4 10. axb4 Be6 11. Nf3 d5 12. Nh2 dxe4 13. dxe4 Qb6 14. O-O Be7 15.
Qa4 f5 16. b5 Nd8 17. exf5 Bxf5 18. Nd2 Ne6 19. Bc4 Kh8 20. Bxe6 Qxe6 21. c4 Qg6
22. g4 b6 23. Kh1 Be6 24. f3 Bc5 25. Kg2 Qd3 26. Ra2 Qe2+ 27. Kh1 Rad8 28. Rd1
Bxc4 29. Rb2 e4 30. Qxc4 Qxd1+ 31. Ndf1 exf3 32. Rc2 f2 33. Rc1 Qd5+ 34. Qxd5
Rxd5 35. Kg2 h6 36. Rc2 Rd1 37. Re2 Rb1 38. h4 Rxb5 39. g5 hxg5 40. hxg5 g6 41.
Ng4 a5 42. Ne5 Kg7 43. Nd7 Rf7 44. Ne5 Re7 45. Kf3 Rb3+ 46. Kg2 a4 47. Nd2 Rb2
48. Kf3 Rxd2 49. Rxf2 Rxf2+ 50. Ke4 Rxe5+ 51. Kxe5 a3 52. Kd5 a2 53. Kc6 a1=Q
54. Kb5 Rb2+ 55. Kc6 Be3 56. Kb7 Bxg5 57. Kc6 Qa8+ 58. Kd6 Rc2 59. Ke5 Qe8+ 60.
Kd4 Qd7+ 61. Ke5 Re2# 0-1

[Event "AUTO-OPEN-4547"]
[Site "http://www.queenalice.com/game.php?id=1843250"]
[Date "2024.9.6"]
[Round "1"]
[White "Capixaba789"]
[Black "princesher"]
[Result "0-1"]
[WhiteElo "1926"]
[BlackElo "2065"]

1. e4 e5 2. d4 Bd6 3. Nf3 f6 4. Bc4 Ne7 5. O-O a6 6. Nc3 b5 7. Bb3 h6 8. d5 Bb4
9. Nxe5 fxe5 10. Qh5+ g6 11. Qxe5 Rh7 12. f4 d6 13. Qf6 Nd7 14. Qh4 Bxc3 15.
bxc3 h5 16. f5 Ne5 17. fxg6 N5xg6 18. Qf2 Bb7 19. Bg5 Qd7 20. a4 Nc8 21. h4 Rf7
22. Qd4 Rxf1+ 23. Rxf1 Ne5 24. a5 Ne7 25. Qf2 O-O-O 26. Qa7 Re8 27. Rf6 N7g6 28.
c4 bxc4 29. Bxc4 Nxc4 30. Rxg6 Rxe4 31. Rh6 Qf7 32. Rh8+ Re8 33. Rxe8+ Qxe8 34.
Qf2 Bxd5 35. Qf5+ Be6 36. Qf3 d5 37. Qf2 Nxa5 38. Qa7 Qc6 39. Qf2 Kb7 40. Qd2
Qc5+ 41. Be3 Nc4 42. Qe2 Qxe3+ 43. Qxe3 Nxe3 0-1

[Event "AUTO-MASTER-3230"]
[Site "http://www.queenalice.com/game.php?id=1843487"]
[Date "2024.9.10"]
[Round "1"]
[White "princesher"]
[Black "MarcosT"]
[Result "1/2-1/2"]
[WhiteElo "2053"]
[BlackElo "1983"]

1. e4 e5 2. a3 Nf6 3. h3 Nc6 4. d3 Be7 5. Bg5 O-O 6. Nf3 d6 7. Bxf6 Bxf6 8. b4
Nd4 9. Nxd4 exd4 10. Be2 Re8 11. Bg4 Bd7 12. Bxd7 Qxd7 13. Nd2 c5 14. Qg4 Qa4
15. Qd1 cxb4 16. axb4 Qxb4 17. Rb1 Qa5 18. Rxb7 Qd5 19. Qb1 Qg5 20. Rb5 Qxg2 21.
Ke2 Qg6 22. Rg1 Qh6 23. Rg3 a6 24. Ra5 Be5 25. Rf3 Bf4 26. Nb3 Reb8 27. Qa2 Be5
28. Rxa6 Rxa6 29. Qxa6 Qe6 30. Qa7 d5 31. Nc5 Qe8 32. Qd7 Qxd7 33. Nxd7 dxe4 34.
dxe4 Re8 35. Nxe5 Rxe5 36. Kd3 Rc5 37. Kxd4 Rxc2 38. Ke5 f6+ 39. Ke6 Rc6+ 40.
Ke7 Rc7+ 41. Kd6 Ra7 42. Rc3 Kf7 43. f4 Ra6+ 44. Kd5 Ra5+ 45. Kd4 Ra4+ 46. Ke3
g5 47. f5 h5 48. Kf3 Ke7 49. Re3 Kd6 50. Rd3+ Ke7 51. Re3 Kd6 52. Rd3+ Ke7 53.
Re3 1/2-1/2

[Event "AUTO-MASTER-3230"]
[Site "http://www.queenalice.com/game.php?id=1843488"]
[Date "2024.9.10"]
[Round "1"]
[White "MarcosT"]
[Black "princesher"]
[Result "0-1"]
[WhiteElo "2041"]
[BlackElo "2060"]

1. e4 e5 2. Nf3 d6 3. Be2 Bg4 4. d3 Bxf3 5. Bxf3 h6 6. Nc3 c6 7. Be3 b5 8. a3
Be7 9. O-O Bg5 10. b4 Bxe3 11. fxe3 Nf6 12. d4 a6 13. dxe5 dxe5 14. Qxd8+ Kxd8
15. Rad1+ Nbd7 16. a4 Kc7 17. axb5 axb5 18. Ne2 Nb6 19. Ng3 g6 20. Rf2 Rad8 21.
Rxd8 Rxd8 22. Nf1 h5 23. Nd2 Rf8 24. Nb3 Na4 25. Nc5 Nxc5 26. bxc5 Nd7 27. Rd2
Nxc5 28. Rd1 Rd8 29. Rc1 Na4 30. h3 Rd2 31. c4 b4 32. Rf1 Nc5 33. Ra1 b3 34. Rb1
b2 0-1

[Event "AUTO-MASTER-3230"]
[Site "http://www.queenalice.com/game.php?id=1843489"]
[Date "2024.9.10"]
[Round "1"]
[White "princesher"]
[Black "chessman"]
[Result "0-1"]
[WhiteElo "2019"]
[BlackElo "2009"]

1. e4 e6 2. a3 d5 3. exd5 exd5 4. d4 Nf6 5. Bg5 c6 6. Qe2+ Be6 7. h3 Be7 8. Bxf6
Bxf6 9. c3 O-O 10. Qf3 Nd7 11. Be2 Re8 12. Qg3 Nb6 13. b3 Qe7 14. a4 Bf5 15. Nd2
Nd7 16. Nf1 Nb6 17. Qe3 Qxe3 18. Nxe3 Bd7 19. Nf3 Re7 20. Nh2 Rae8 21. Ra2 Bg5
22. Nd1 Nc8 23. Nf3 Bf4 24. g3 Bd6 25. Kf1 Bf5 26. Rh2 h6 27. Ne3 Bg6 28. a5
Bxg3 29. fxg3 Rxe3 30. c4 Rxb3 31. cxd5 cxd5 32. g4 Rxe2 33. Ne1 Re8 34. h4 Rb1
35. Rhe2 Bd3 36. Kf2 Rxe2+ 37. Rxe2 Bxe2 38. Kxe2 Rxe1+ 39. Kxe1 Ne7 40. Ke2 a6
41. Ke3 g6 42. Kd3 Nc6 43. Kc3 f5 44. gxf5 gxf5 45. Kd3 Nxa5 46. Ke3 Kf7 47. Kf4
Kf6 48. Kf3 Nc6 49. Ke3 a5 50. Kd3 f4 51. Kc3 f3 52. Kd3 a4 53. Ke3 Nxd4 54.
Kxd4 f2 55. Kxd5 f1=Q 56. Kd4 a3 57. Kc3 a2 58. Kb3 a1=Q 59. Kb4 Qfc1 60. Kb5
Qab2+ 61. Ka4 Qca1# 0-1

[Event "AUTO-MASTER-3230"]
[Site "http://www.queenalice.com/game.php?id=1843490"]
[Date "2024.9.10"]
[Round "1"]
[White "chessman"]
[Black "princesher"]
[Result "1/2-1/2"]
[WhiteElo "1900"]
[BlackElo "2050"]

1. e4 e5 2. Nf3 d6 3. d4 Bg4 4. dxe5 Bxf3 5. gxf3 dxe5 6. Qxd8+ Kxd8 7. Nc3 a6
8. Bg5+ f6 9. O-O-O+ Bd6 10. Be3 Nd7 11. Nd5 Ne7 12. Nxe7 Kxe7 13. Bh3 Nf8 14.
Rhg1 g5 15. Bf5 b6 16. h4 h6 17. Rd3 c5 18. hxg5 hxg5 19. Rdd1 a5 20. Rh1 Rxh1
21. Rxh1 Rb8 22. Rh8 c4 23. c3 Bc5 24. Bxc5+ bxc5 25. Kc2 Kf7 26. Rh1 Rd8 27.
Rd1 Rxd1 28. Kxd1 Ke7 29. Ke1 a4 30. a3 Kd8 31. Kf1 Ke7 32. Kg2 Ne6 33. Bxe6
Kxe6 34. Kg3 f5 35. Kh3 Kf6 36. exf5 Kxf5 37. Kg3 e4 38. fxe4+ Kxe4 39. f3+ Ke3
40. Kg4 Ke2 41. Kg3 1/2-1/2

[Event "AUTO-MASTER-3230"]
[Site "http://www.queenalice.com/game.php?id=1843491"]
[Date "2024.9.10"]
[Round "1"]
[White "princesher"]
[Black "CCapivara"]
[Result "0-1"]
[WhiteElo "2062"]
[BlackElo "2231"]

1. e4 d6 2. h3 e5 3. g4 Nf6 4. d3 Be7 5. Bg5 O-O 6. Bxf6 Bxf6 7. b4 Nc6 8. c3 d5
9. Bg2 d4 10. b5 Ne7 11. c4 c6 12. a4 a6 13. Nd2 axb5 14. axb5 Rxa1 15. Qxa1
cxb5 16. cxb5 Ng6 17. Ne2 Be6 18. O-O Qb6 19. Rb1 Rc8 20. Qb2 h6 21. Rc1 Rxc1+
22. Nxc1 Nf4 23. Kh2 Bg5 24. Bf1 Qc5 25. Kg3 Qe7 26. Nf3 h5 27. h4 Bxh4+ 28.
Nxh4 Qg5 29. f3 hxg4 30. Ng2 gxf3+ 31. Kxf3 Nh3 32. Ke2 Bg4+ 33. Ke1 Qf6 34. Qd2
Qf3 35. Ne2 Qf2+ 36. Kd1 Qxf1+ 37. Ne1 Nf2+ 38. Kc2 Qxe2 39. Qxe2 Bxe2 40. b6
Bxd3+ 41. Kd2 Bxe4 42. Ke2 Ng4 43. Kd1 f5 44. Kd2 f4 45. Ke2 Kf7 46. Kd2 f3 47.
Nd3 Bxd3 48. Kxd3 f2 49. Ke2 d3+ 50. Kf1 d2 51. Ke2 d1=Q+ 52. Kxd1 f1=Q+ 53. Kd2
e4 54. Kc3 Qd3+ 55. Kb2 e3 56. Ka2 e2 57. Kb2 e1=Q 58. Ka2 Qee2+ 59. Ka1 Qdd1#
0-1

[Event "AUTO-MASTER-3230"]
[Site "http://www.queenalice.com/game.php?id=1843492"]
[Date "2024.9.10"]
[Round "1"]
[White "CCapivara"]
[Black "princesher"]
[Result "1-0"]
[WhiteElo "2243"]
[BlackElo "2071"]

1. e4 e5 2. Nf3 d6 3. Bc4 Bg4 4. O-O c6 5. c3 b5 6. Bb3 h6 7. d4 Nd7 8. Be3 Be7
9. Nbd2 a5 10. a4 Bf6 11. Qe2 Qb8 12. h3 Bxf3 13. Nxf3 b4 14. c4 g5 15. c5 Ne7
16. cxd6 Qxd6 17. Rfd1 exd4 18. Nxd4 Bxd4 19. Bxd4 f6 20. Qh5+ Kd8 21. Bb6+ Nxb6
22. Rxd6+ Kc7 23. Rad1 Raf8 24. Qe2 f5 25. Qa6 Ra8 26. Qd3 Ned5 27. exd5 Kxd6
28. dxc6+ Kxc6 29. Qd6+ Kb7 30. Bd5+ Nxd5 31. Qxd5+ Kb6 32. Qe6+ Kc7 33. Rd7+
Kb8 34. Qb6+ Kc8 35. Qb7# 1-0